Справочник технолога-машиностроителя: в 2 томах

Bibliografische gegevens
Andere auteurs: Кован В. М. Виктор Михайлович (редактор)
Taal:Russisch
Gepubliceerd in: Москва, Машгиз, 1963
Editie:2-е изд., испр. и доп.
Formaat: MixedMaterials Boek
KOHA link:https://koha.lib.tpu.ru/cgi-bin/koha/opac-detail.pl?biblionumber=50382

MARC

LEADER 00000nam1a2200000 4500
001 50382
005 20231031032956.0
035 |a (RuTPU)RU\TPU\book\52762 
035 |a RU\TPU\book\38999 
090 |a 50382 
100 |a 20030415d1963 m y0rusy50 ca 
101 0 |a rus 
102 |a RU 
200 1 |a Справочник технолога-машиностроителя  |e в 2 томах  |f под ред. В. М. Кована 
205 |a 2-е изд., испр. и доп. 
210 |a Москва  |c Машгиз  |d 1963 
702 1 |a Кован  |b В. М.  |g Виктор Михайлович  |4 340 
801 2 |a RU  |b 63413507  |c 20141226  |g PSBO 
942 |c BK